Control predictivo no lineal basado en modelo por modo dual con estabilidad garantizada (Registro nro. 709053)
[ vista simple ]
| 001 - NÚMERO DE CONTROL | |
|---|---|
| campo de control | 1407399 |
| 005 - FECHA Y HORA DE LA ÚLTIMA TRANSACCIÓN | |
| campo de control | 20240202121250.0 |
| 008 - DATOS DE LONGITUD FIJA--INFORMACIÓN GENERAL | |
| campo de control de longitud fija | 150424e20140605 spa |
| 035 ## - NÚMERO DE CONTROL DEL SISTEMA | |
| Número de control de sistema | 1407399 |
| 040 ## - FUENTE DE LA CATALOGACIÓN | |
| Centro/agencia transcriptor | comduadb |
| 041 ## - CÓDIGO DE LENGUA | |
| Código de lengua del texto/banda sonora o título independiente | spa |
| 100 10 - ENTRADA PRINCIPAL--NOMBRE DE PERSONA | |
| Nombre de persona | Gómez Echavarria, Lina María |
| Código de función | aut |
| Término indicativo de función/relación | Autor/a |
| 9 (RLIN) | 707374 |
| 245 10 - MENCIÓN DE TÍTULO | |
| Título | Control predictivo no lineal basado en modelo por modo dual con estabilidad garantizada |
| 650 ## - PUNTO DE ACCESO ADICIONAL DE MATERIA--TÉRMINO DE MATERIA | |
| Término de materia o nombre geográfico como elemento de entrada | Controladores PI |
| 9 (RLIN) | 23614 |
| 650 ## - PUNTO DE ACCESO ADICIONAL DE MATERIA--TÉRMINO DE MATERIA | |
| Término de materia o nombre geográfico como elemento de entrada | Control predictivo |
| 9 (RLIN) | 87332 |
| 700 10 - ENTRADA AGREGADA--NOMBRE PERSONAL | |
| Nombre de persona | Ramírez Pèrez, Kelly Johana |
| Código de función | aut |
| Término indicativo de función/relación | Autor/a |
| 9 (RLIN) | 706349 |
| 700 10 - ENTRADA AGREGADA--NOMBRE PERSONAL | |
| Nombre de persona | Alvarez Zapata, Hernán Dario |
| Código de función | aut |
| Término indicativo de función/relación | Autor/a |
| 9 (RLIN) | 674031 |
| 773 0# - ENLACE AL DOCUMENTO FUENTE/ENTRADA DE REGISTRO ANFITRIÓN | |
| Título | Ingeniería y Competitividad : Revista Científica y Tecnológica (Cali) |
| Parte(s) relacionada(s) | Vol. 16, No. 01, Jun. 2014, 23-34 |
| Número de control del registro | 692219 |
| Número Internacional Normalizado para Publicaciones Seriadas | 0123-3033 |
| Número bibliográfico anfitrión | 212632 |
| 942 ## - ELEMENTOS DE ENTRADA AGREGADA (KOHA) | |
| Tipo de ítem Koha | Artículo de Revista |
No hay ítems disponibles.